[Event "GBR-ch 108th"]
[Site "Torquay"]
[Date "2022.08.19"]
[Round "7.5"]
[White "Gormally, Daniel W"]
[Black "Merriman, John"]
[Result "1-0"]
[WhiteElo "2466"]
[BlackElo "2297"]
[PlyCount "91"]
[EventDate "2022.08.13"]
[EventType "swiss"]
[EventRounds "9"]
[EventCountry "GBR"]
[SourceTitle "BritBase"]
[Source "John Saunders"]
[SourceDate "2022.08.22"]
[SourceVersion "1"]
[SourceVersionDate "2022.08.22"]
[SourceQuality "2"]

1. e4 e6 2. d4 d5 3. Nd2 Be7 4. Bd3 c5 5. dxc5 Nf6 6. Qe2 a5 7. Ngf3 Na6 8. e5
Nd7 9. c3 Naxc5 10. Bc2 Qc7 11. O-O b5 12. Re1 Ba6 13. Nd4 b4 14. Qe3 Rc8 15.
Qg3 O-O 16. cxb4 axb4 17. N2b3 Rfe8 18. Bf4 Qb6 19. Rad1 Nxb3 20. Bxb3 Bc5 21.
Ba4 Qa7 22. Bh6 Bf8 23. Be3 Bc5 24. b3 Qb7 25. h4 Rc7 26. h5 Bf8 27. Bxd7 Rxd7
28. Nf3 Bb5 29. h6 g6 30. Nh2 Ra8 31. Ng4 Be7 32. Qf4 Rc7 33. Nf6+ Kh8 34. Nxh7
Bd8 35. Ng5 Rxa2 36. Qxb4 Be7 37. Qf4 Bd8 38. Rc1 Rd7 39. Bc5 Ra8 40. Bf8 Bxg5
41. Qxg5 f5 42. Bd6 d4 43. Rc5 d3 44. Rec1 Ra2 45. Rc8+ Kh7 46. Qf6 1-0

[Event "GBR-ch 108th"]
[Site "Torquay"]
[Date "2022.08.19"]
[Round "7.6"]
[White "Pert, Richard G"]
[Black "Wells, Peter K"]
[Result "1-0"]
[WhiteElo "2411"]
[BlackElo "2396"]
[PlyCount "117"]
[EventDate "2022.08.13"]
[EventType "swiss"]
[EventRounds "9"]
[EventCountry "GBR"]
[SourceTitle "BritBase"]
[Source "John Saunders"]
[SourceDate "2022.08.22"]
[SourceVersion "1"]
[SourceVersionDate "2022.08.22"]
[SourceQuality "2"]

1. d4 Nf6 2. Nf3 d5 3. c4 e6 4. e3 a6 5. b3 c5 6. Bd3 cxd4 7. exd4 Nc6 8. Bb2
Qa5+ 9. Nbd2 dxc4 10. bxc4 Ba3 11. Qb3 Bxb2 12. Qxb2 Qb4 13. Qc1 O-O 14. O-O
Rd8 15. Rb1 Qd6 16. c5 Qe7 17. Qb2 Nd5 18. Rfe1 Rb8 19. Nc4 Qc7 20. Be4 Nce7
21. Qc2 h6 22. Nd6 b5 23. Ne5 Rxd6 24. cxd6 Qxd6 25. Rb3 Bb7 26. Qd2 Nf6 27.
Bxb7 Rxb7 28. Rc1 Rb8 29. Rd3 Nfd5 30. g3 Rd8 31. Qa5 f6 32. Nf3 Kf7 33. Rc5
Rb8 34. Rd1 e5 35. Qe1 b4 36. Qe2 e4 37. Nd2 Nc3 38. Qc4+ Kg6 39. Re1 f5 40. f3
Rd8 41. fxe4 f4 42. Nf3 Kh7 43. Qxb4 Nb5 44. Rxb5 axb5 45. Qxd6 Rxd6 46. gxf4
Rf6 47. f5 g6 48. fxg6+ Nxg6 49. Kf2 b4 50. Rb1 Nh4 51. Rb3 Nxf3 52. Rxf3 Ra6
53. Rf7+ Kg6 54. Rb7 Rxa2+ 55. Ke3 Kg5 56. d5 Rxh2 57. Rxb4 Kf6 58. Rb6+ Ke7
59. e5 1-0

[Event "GBR-ch 108th"]
[Site "Torquay"]
[Date "2022.08.19"]
[Round "7.7"]
[White "Davies, Nigel R"]
[Black "Lane, Gary W"]
[Result "1-0"]
[WhiteElo "2425"]
[BlackElo "2328"]
[PlyCount "58"]
[EventDate "2022.08.13"]
[EventType "swiss"]
[EventRounds "9"]
[EventCountry "GBR"]
[SourceTitle "BritBase"]
[Source "John Saunders"]
[SourceDate "2022.08.22"]
[SourceVersion "1"]
[SourceVersionDate "2022.08.22"]
[SourceQuality "2"]

1. Nf3 d5 2. e3 Nf6 3. c4 c6 4. Qc2 Nbd7 5. Nc3 e6 6. b3 Be7 7. d4 b6 8. Be2
O-O 9. O-O Bb7 10. Bb2 Rc8 11. Rfd1 c5 12. cxd5 exd5 13. Qf5 g6 14. Qh3 Re8 15.
dxc5 bxc5 16. Bb5 Rc7 17. Ng5 h5 18. Qg3 a6 19. Bd3 Nf8 20. Ne2 Bd6 21. Nf4 Ng4
22. Nf3 d4 23. Bc4 dxe3 24. fxe3 Nxe3 25. Rxd6 Qxd6 26. Nxh5 Qxg3 27. Nf6+ Kh8
28. Nxe8+ Kh7 29. hxg3 Re7 1-0

[Event "GBR-ch 108th"]
[Site "Torquay"]
[Date "2022.08.19"]
[Round "7.8"]
[White "Milchev, Nikolay"]
[Black "Kolbus, Dietmar"]
[Result "1/2-1/2"]
[WhiteElo "2408"]
[BlackElo "2272"]
[PlyCount "89"]
[EventDate "2022.08.13"]
[EventType "swiss"]
[EventRounds "9"]
[EventCountry "GBR"]
[SourceTitle "BritBase"]
[Source "John Saunders"]
[SourceDate "2022.08.22"]
[SourceVersion "1"]
[SourceVersionDate "2022.08.22"]
[SourceQuality "2"]

1. c4 e6 2. Nf3 Nf6 3. g3 b6 4. Bg2 Bb7 5. O-O c5 6. b3 Be7 7. Bb2 O-O 8. d4 d5
9. cxd5 Bxd5 10. Nc3 Bb7 11. dxc5 Bxc5 12. a3 Qxd1 13. Rfxd1 Rc8 14. b4 Be7 15.
Rd2 Nbd7 16. Rad1 Nf8 17. Ne5 Bxg2 18. Kxg2 Ng6 19. Nxg6 hxg6 20. e4 Kf8 21. e5
Ne8 22. h4 Nc7 23. Rd7 Ke8 24. Bc1 b5 25. Bg5 f6 26. Be3 Nd5 27. Nxd5 Kxd7 28.
Nb6+ Ke8 29. Nxc8 Rxc8 30. Bxa7 Ra8 31. Bc5 Rxa3 32. exf6 gxf6 33. Rc1 Rb3 34.
g4 Bxc5 35. bxc5 b4 36. Rc4 Rc3 37. Rxb4 Rxc5 38. Rb7 Kf8 39. f3 Ra5 40. Kg3
Rc5 41. Ra7 Rb5 42. Kf4 Rb4+ 43. Ke3 Rb3+ 44. Ke4 Rb4+ 45. Ke3 1/2-1/2

[Event "GBR-ch 108th"]
[Site "Torquay"]
[Date "2022.08.19"]
[Round "7.9"]
[White "Birtwistle, Nigel"]
[Black "Jackson, James P"]
[Result "0-1"]
[WhiteElo "2151"]
[BlackElo "2406"]
[PlyCount "54"]
[EventDate "2022.08.13"]
[EventType "swiss"]
[EventRounds "9"]
[EventCountry "GBR"]
[SourceTitle "BritBase"]
[Source "John Saunders"]
[SourceDate "2022.08.22"]
[SourceVersion "1"]
[SourceVersionDate "2022.08.22"]
[SourceQuality "2"]

1. e4 e5 2. Nc3 Nf6 3. d4 exd4 4. Qxd4 Nc6 5. Qd3 Bb4 6. Bd2 O-O 7. O-O-O Re8
8. Nge2 d6 9. Bg5 h6 10. Bh4 Ne5 11. Qb5 a5 12. Bxf6 gxf6 13. Nf4 c6 14. Qe2 a4
15. Nb1 a3 16. b3 f5 17. c3 Bc5 18. b4 Bb6 19. f3 fxe4 20. Qxe4 d5 21. Nxd5
cxd5 22. Rxd5 Qg5+ 23. f4 Bf5 24. Rxe5 Bxe4 25. Rxe8+ Rxe8 26. fxg5 Be3+ 27.
Kd1 Bxb1 0-1

[Event "GBR-ch 108th"]
[Site "Torquay"]
[Date "2022.08.19"]
[Round "7.10"]
[White "Willow, Jonah B"]
[Black "Rudd, Jack"]
[Result "1-0"]
[WhiteElo "2393"]
[BlackElo "2318"]
[PlyCount "59"]
[EventDate "2022.08.13"]
[EventType "swiss"]
[EventRounds "9"]
[EventCountry "GBR"]
[SourceTitle "BritBase"]
[Source "John Saunders"]
[SourceDate "2022.08.22"]
[SourceVersion "1"]
[SourceVersionDate "2022.08.22"]
[SourceQuality "2"]

1. e4 c6 2. d4 d5 3. e5 c5 4. Nf3 Nc6 5. dxc5 e6 6. Be3 Nh6 7. c3 Ng4 8. Bd4 f6
9. Bb5 fxe5 10. Nxe5 Ngxe5 11. Bxe5 Qg5 12. Bg3 Bxc5 13. Nd2 O-O 14. Nf3 Qf6
15. O-O a6 16. Bxc6 bxc6 17. b4 Bb6 18. Bd6 Rd8 19. Be5 Qf5 20. Re1 a5 21. Nd4
Bxd4 22. Qxd4 axb4 23. Bxg7 bxc3 24. Qxc3 Ra4 25. Bd4 Rc4 26. Qg3+ Qg6 27. Qe5
Rf8 28. Re3 c5 29. Qh8+ Kf7 30. Rf3+ 1-0

[Event "GBR-ch 108th"]
[Site "Torquay"]
[Date "2022.08.19"]
[Round "7.11"]
[White "Price, Gwilym"]
[Black "Claridge-Hansen, William"]
[Result "0-1"]
[WhiteElo "2129"]
[BlackElo "2345"]
[PlyCount "88"]
[EventDate "2022.08.13"]
[EventType "swiss"]
[EventRounds "9"]
[EventCountry "GBR"]
[SourceTitle "BritBase"]
[Source "John Saunders"]
[SourceDate "2022.08.22"]
[SourceVersion "1"]
[SourceVersionDate "2022.08.22"]
[SourceQuality "2"]

1. e4 c6 2. d4 d5 3. e5 Bf5 4. h4 h5 5. Bd3 Bxd3 6. Qxd3 Qa5+ 7. Nd2 e6 8. Ngf3
Nh6 9. O-O Nf5 10. Nb3 Qa6 11. Qd1 b6 12. a4 c5 13. c3 c4 14. Nbd2 Nc6 15. Qe2
Be7 16. b3 Nxh4 17. Nxh4 Bxh4 18. Nxc4 dxc4 19. Qe4 Rc8 20. Qxh4 Ne7 21. b4 Qb7
22. b5 Nf5 23. Qf4 Rh6 24. f3 Rg6 25. Bd2 Qd5 26. Be1 a6 27. bxa6 Ra8 28. Bf2
Rxa6 29. Rfb1 Ne7 30. Bh4 Nf5 31. Bf2 Kf8 32. Kh2 Kg8 33. Rb4 Ne7 34. Rab1 Qc6
35. Qe4 Nd5 36. Rb5 Qa8 37. Be1 Rxa4 38. Bd2 Ra2 39. R1b2 Qa4 40. Qe2 Rxb2 41.
Rxb2 Qa1 42. Rc2 Qb1 43. Rc1 Qb2 44. Qd1 Ne3 0-1

[Event "GBR-ch 108th"]
[Site "Torquay"]
[Date "2022.08.19"]
[Round "7.12"]
[White "Lan Yao"]
[Black "Balaji, Aaravamudhan"]
[Result "1/2-1/2"]
[WhiteElo "2274"]
[BlackElo "2194"]
[PlyCount "141"]
[EventDate "2022.08.13"]
[EventType "swiss"]
[EventRounds "9"]
[EventCountry "GBR"]
[SourceTitle "BritBase"]
[Source "John Saunders"]
[SourceDate "2022.08.22"]
[SourceVersion "1"]
[SourceVersionDate "2022.08.22"]
[SourceQuality "2"]

1. e4 Nf6 2. e5 Nd5 3. d4 d6 4. c4 Nb6 5. exd6 cxd6 6. Nc3 g6 7. Be3 Bg7 8. Rc1
O-O 9. b3 d5 10. c5 Nc6 11. cxb6 e5 12. Nb5 exd4 13. Nxd4 Bxd4 14. Bxd4 Re8+
15. Ne2 Qh4 16. Bb2 axb6 17. a4 Bf5 18. h3 Rad8 19. g3 Qe4 20. Rh2 d4 21. Bg2
Qe7 22. Bxc6 bxc6 23. Kf1 Bc8 24. Nf4 Ba6+ 25. Kg1 g5 26. Ng2 Qb4 27. Qg4 Rd5
28. Ne3 Qd2 29. Nc4 Bxc4 30. bxc4 Qxb2 31. Rf1 Rc5 32. h4 Qe2 33. Qxd4 Qxc4 34.
Qb2 Rce5 35. Qb1 g4 36. Rh1 Rb8 37. Qa1 Rf5 38. h5 h6 39. Rh4 Rd8 40. Qb2 Qd4
41. Qe2 Rg5 42. Rb1 Qxa4 43. Rxb6 Qd1+ 44. Qxd1 Rxd1+ 45. Kg2 Rc1 46. Rb4 f5
47. Rb8+ Kh7 48. Rc8 Rg8 49. Rc7+ Rg7 50. Rc8 Rd7 51. Rh1 Rxh1 52. Kxh1 Rd6 53.
Rf8 c5 54. Rf7+ Kh8 55. Rc7 Rd5 56. Kg2 Kg8 57. Rc6 Kg7 58. Rg6+ Kh7 59. Rc6
Re5 60. Rc7+ Kg8 61. Rc6 Kg7 62. Rg6+ Kh7 63. Rc6 f4 64. gxf4 Rxh5 65. Kg3 Rd5
66. Kxg4 h5+ 67. Kf3 Rd3+ 68. Ke4 Rc3 69. Rc7+ Kh6 70. Rc6+ Kg7 71. Rc7+
1/2-1/2

[Event "GBR-ch 108th"]
[Site "Torquay"]
[Date "2022.08.19"]
[Round "7.13"]
[White "Taylor, Adam A"]
[Black "Domenech, Vianney"]
[Result "1-0"]
[WhiteElo "2204"]
[BlackElo "2258"]
[PlyCount "57"]
[EventDate "2022.08.13"]
[EventType "swiss"]
[EventRounds "9"]
[EventCountry "GBR"]
[SourceTitle "BritBase"]
[Source "John Saunders"]
[SourceDate "2022.08.22"]
[SourceVersion "1"]
[SourceVersionDate "2022.08.22"]
[SourceQuality "2"]

1. Nf3 f5 2. d3 Nf6 3. e4 fxe4 4. dxe4 Nxe4 5. Bd3 Nf6 6. Ng5 Nc6 7. Bxh7 Ne5
8. f4 Nxh7 9. fxe5 Nxg5 10. Bxg5 c6 11. Nc3 Qa5 12. Bf4 g5 13. Bg3 Bg7 14. Qe2
d5 15. O-O Be6 16. Qd3 Rh6 17. Ne2 O-O-O 18. Nd4 Qb6 19. Kh1 c5 20. Nxe6 Qxe6
21. Qa3 Kb8 22. Rae1 b6 23. Rf6 Qg4 24. Rf7 Rdh8 25. Rxe7 Rxh2+ 26. Bxh2 Rxh2+
27. Kxh2 Qh4+ 28. Qh3 Qxe1 29. Rxg7 1-0

[Event "GBR-ch 108th"]
[Site "Torquay"]
[Date "2022.08.19"]
[Round "7.14"]
[White "Hebden, Mark L"]
[Black "Turner, Max N"]
[Result "0-1"]
[WhiteElo "2476"]
[BlackElo "2247"]
[PlyCount "136"]
[EventDate "2022.08.13"]
[EventType "swiss"]
[EventRounds "9"]
[EventCountry "GBR"]
[SourceTitle "BritBase"]
[Source "John Saunders"]
[SourceDate "2022.08.22"]
[SourceVersion "1"]
[SourceVersionDate "2022.08.22"]
[SourceQuality "2"]

1. d4 d5 2. c4 e6 3. Nf3 Nf6 4. Nc3 Be7 5. Bg5 O-O 6. e3 h6 7. Bh4 b6 8. Bd3
Bb7 9. O-O Nbd7 10. Bg3 c5 11. Qe2 Ne4 12. cxd5 exd5 13. Rad1 Nxg3 14. hxg3 c4
15. Bb1 Qc7 16. Nh4 Bxh4 17. gxh4 Nf6 18. Qf3 Rad8 19. Qf4 Qxf4 20. exf4 Bc6
21. f3 b5 22. Kf2 b4 23. Ne2 Bb5 24. Rfe1 Rb8 25. f5 Rfc8 26. Nf4 c3 27. bxc3
bxc3 28. Rc1 Ba4 29. Bc2 Rb2 30. Re2 Rxa2 31. g4 Bb5 32. Bd3 Ra5 33. Bxb5 Rxb5
34. Rec2 Rc4 35. Ke3 Nd7 36. Rxc3 Nb6 37. Kd3 Rbb4 38. Rxc4 dxc4+ 39. Ke4 Kf8
40. g5 a5 41. Nd5 Nxd5 42. Kxd5 hxg5 43. hxg5 Ke7 44. g6 f6 45. Kc6 c3 46. Re1+
Kd8 47. d5 c2 48. Rc1 Rc4+ 49. Kd6 Rc7 50. Ke6 Re7+ 51. Kd6 Re2 52. Kc6 a4 53.
d6 a3 54. Rh1 Rh2 55. Re1 a2 56. d7 c1=Q+ 57. Rxc1 Rc2+ 58. Rxc2 a1=Q 59. Rc5
Qa6+ 60. Kd5 Qd3+ 61. Kc6 Qxd7+ 62. Kb6 Qd6+ 63. Kb5 Qd3+ 64. Kc6 Qxf3+ 65.
Rd5+ Ke7 66. Kc5 Qc3+ 67. Kb5 Qc7 68. Kb4 Qc6 0-1

[Event "GBR-ch 108th"]
[Site "Torquay"]
[Date "2022.08.19"]
[Round "7.15"]
[White "Bradbury, Neil H"]
[Black "Toma, Katarzyna"]
[Result "1/2-1/2"]
[WhiteElo "2211"]
[BlackElo "2303"]
[PlyCount "92"]
[EventDate "2022.08.13"]
[EventType "swiss"]
[EventRounds "9"]
[EventCountry "GBR"]
[SourceTitle "BritBase"]
[Source "John Saunders"]
[SourceDate "2022.08.22"]
[SourceVersion "1"]
[SourceVersionDate "2022.08.22"]
[SourceQuality "2"]

1. d4 Nf6 2. c4 g6 3. Nf3 Bg7 4. g3 O-O 5. Bg2 d5 6. cxd5 Nxd5 7. O-O Nb6 8.
Nc3 Nc6 9. d5 Na5 10. e4 c6 11. dxc6 Nxc6 12. Bg5 Qxd1 13. Raxd1 h6 14. Be3 Nc4
15. Bc1 Be6 16. Nd5 Nxb2 17. Bxb2 Bxb2 18. Rb1 Ba3 19. Rxb7 Rab8 20. Rb3 Rxb3
21. axb3 Rb8 22. Nd2 Kf8 23. Ra1 Bb2 24. Rb1 Bd4 25. Bf1 Nb4 26. Nf3 Bg7 27.
Bc4 Nxd5 28. exd5 Bg4 29. Kg2 Ke8 30. Re1 Rb6 31. Ne5 Bxe5 32. Rxe5 Bc8 33. Kf3
Bb7 34. Ke3 Kd7 35. Kd4 g5 36. Rf5 Ke8 37. f4 Bc8 38. Re5 gxf4 39. gxf4 Rf6 40.
Ke4 Kd7 41. Kf3 Kd6 42. Re1 Bb7 43. Kg4 Bc8+ 44. Kg3 Rg6+ 45. Kf3 Bb7 46. Kf2
Rf6 1/2-1/2

[Event "GBR-ch 108th"]
[Site "Torquay"]
[Date "2022.08.19"]
[Round "7.16"]
[White "Burrows, Martin P"]
[Black "Richardson, John R"]
[Result "0-1"]
[WhiteElo "2064"]
[BlackElo "2296"]
[PlyCount "90"]
[EventDate "2022.08.13"]
[EventType "swiss"]
[EventRounds "9"]
[EventCountry "GBR"]
[SourceTitle "BritBase"]
[Source "John Saunders"]
[SourceDate "2022.08.22"]
[SourceVersion "1"]
[SourceVersionDate "2022.08.22"]
[SourceQuality "2"]

1. e4 c6 2. d4 d5 3. e5 Bf5 4. Nf3 e6 5. Be2 c5 6. Be3 Qb6 7. Nc3 Nc6 8. Na4
Qa5+ 9. c3 c4 10. b4 Bxb4 11. cxb4 Nxb4 12. Nc5 Nc2+ 13. Kf1 Nxa1 14. Qxa1
O-O-O 15. a4 Qb4 16. a5 Qb1+ 17. Qxb1 Bxb1 18. a6 b5 19. Bd2 Ne7 20. Ng5 Rdf8
21. f4 Nc6 22. Kf2 Bg6 23. Ke3 h6 24. Nf3 b4 25. Ra1 Kc7 26. Nh4 Bc2 27. Bd1
Bxd1 28. Rxd1 Rb8 29. Be1 Rb5 30. f5 Re8 31. fxe6 fxe6 32. Ng6 Kb6 33. Nf4 Rxc5
34. dxc5+ Kxc5 35. Rb1 b3 36. Ng6 Kb5 37. Bc3 Kxa6 38. Nf4 Kb5 39. Ne2 a5 40.
Rf1 a4 41. Rf7 a3 42. Kd2 Rb8 43. Rc7 b2 44. Kc2 Kb6 45. Rxg7 Kc5 0-1

[Event "GBR-ch 108th"]
[Site "Torquay"]
[Date "2022.08.19"]
[Round "7.17"]
[White "Dishman, Stephen"]
[Black "Stoyanov, Viktor"]
[Result "1-0"]
[WhiteElo "2248"]
[BlackElo "2246"]
[PlyCount "87"]
[EventDate "2022.08.13"]
[EventType "swiss"]
[EventRounds "9"]
[EventCountry "GBR"]
[SourceTitle "BritBase"]
[Source "John Saunders"]
[SourceDate "2022.08.22"]
[SourceVersion "1"]
[SourceVersionDate "2022.08.22"]
[SourceQuality "2"]

1. Nf3 d5 2. d4 Nf6 3. c4 dxc4 4. e3 e6 5. Bxc4 c5 6. O-O a6 7. b3 b6 8. Bb2
Bb7 9. Nbd2 Nbd7 10. Be2 Be7 11. Nc4 b5 12. Nce5 O-O 13. dxc5 Nxc5 14. Qxd8
Rfxd8 15. Rfd1 Nd5 16. Rac1 Rac8 17. Nd4 f6 18. Bg4 f5 19. Be2 Bf6 20. Ndc6
Bxc6 21. Rxc5 Bb7 22. Rcc1 Rxc1 23. Rxc1 Rc8 24. Rxc8+ Bxc8 25. Bf3 Ne7 26. Kf1
Kf8 27. Ke2 Ke8 28. Bd4 Nd5 29. Bxd5 exd5 30. Nf3 Bxd4 31. Nxd4 Bd7 32. b4 Ke7
33. Kd3 g5 34. Nb3 f4 35. exf4 gxf4 36. Kd4 Kd6 37. Nc5 Bf5 38. Nxa6 Be4 39. g3
fxg3 40. fxg3 Bb1 41. a3 h5 42. Nc5 h4 43. gxh4 Bc2 44. h5 1-0

[Event "GBR-ch 108th"]
[Site "Torquay"]
[Date "2022.08.19"]
[Round "7.18"]
[White "Ward, Christopher"]
[Black "Salmons, Calum"]
[Result "1-0"]
[WhiteElo "2402"]
[BlackElo "1944"]
[PlyCount "55"]
[EventDate "2022.08.13"]
[EventType "swiss"]
[EventRounds "9"]
[EventCountry "GBR"]
[SourceTitle "BritBase"]
[Source "John Saunders"]
[SourceDate "2022.08.22"]
[SourceVersion "1"]
[SourceVersionDate "2022.08.22"]
[SourceQuality "2"]

1. d4 d5 2. c4 c6 3. Nc3 Nf6 4. Nf3 e6 5. e3 Nbd7 6. Qc2 Bd6 7. g4 h6 8. Bd2 e5
9. cxd5 cxd5 10. Nb5 Bb8 11. Bb4 e4 12. Rc1 Nb6 13. Ne5 a6 14. Nc7+ Bxc7 15.
Qxc7 Qxc7 16. Rxc7 Nfd7 17. Be2 Nxe5 18. dxe5 Nd7 19. O-O Kd8 20. Bd6 Re8 21.
Rd1 Nxe5 22. Rxd5 Nd7 23. Bg3 Re6 24. Bc4 b5 25. Bb3 Rg6 26. h3 Ke8 27. Rf5 f6
28. Bd5 1-0

[Event "GBR-ch 108th"]
[Site "Torquay"]
[Date "2022.08.19"]
[Round "7.19"]
[White "Okhai, Shabir"]
[Black "Zapolskis, Antanas"]
[Result "1/2-1/2"]
[WhiteElo "2137"]
[BlackElo "2266"]
[PlyCount "87"]
[EventDate "2022.08.13"]
[EventType "swiss"]
[EventRounds "9"]
[EventCountry "GBR"]
[SourceTitle "BritBase"]
[Source "John Saunders"]
[SourceDate "2022.08.22"]
[SourceVersion "1"]
[SourceVersionDate "2022.08.22"]
[SourceQuality "2"]

1. e4 c5 2. Nf3 Nc6 3. Bb5 Na5 4. O-O a6 5. Be2 e6 6. c4 Nc6 7. d4 cxd4 8. Nxd4
Qc7 9. Nc3 Nf6 10. a3 h6 11. b4 Bd6 12. Nxc6 dxc6 13. f4 e5 14. c5 Be7 15. Qc2
Bg4 16. Kh1 Bxe2 17. Nxe2 O-O 18. Ng3 a5 19. fxe5 Qxe5 20. Bb2 Qe6 21. Nf5 axb4
22. axb4 Rxa1 23. Bxa1 Re8 24. Qd3 Qxe4 25. Qxe4 Nxe4 26. Bxg7 h5 27. Bd4 Bg5
28. g4 Nd2 29. Nd6 Nxf1 30. Nxe8 hxg4 31. Nd6 Ne3 32. Bxe3 Bxe3 33. Nxb7 Bd2
34. Nd8 Bxb4 35. Nxc6 Bxc5 36. Kg2 f5 37. h3 gxh3+ 38. Kxh3 Kf7 39. Ne5+ Ke6
40. Nf3 Kd5 41. Kg2 Ke4 42. Ng5+ Ke3 43. Nf3 f4 44. Nh4 1/2-1/2

[Event "GBR-ch 108th"]
[Site "Torquay"]
[Date "2022.08.19"]
[Round "7.20"]
[White "Pollack, Oscar"]
[Black "Jones, Steven A"]
[Result "1-0"]
[WhiteElo "2020"]
[BlackElo "2210"]
[PlyCount "207"]
[EventDate "2022.08.13"]
[EventType "swiss"]
[EventRounds "9"]
[EventCountry "GBR"]
[SourceTitle "BritBase"]
[Source "John Saunders"]
[SourceDate "2022.08.22"]
[SourceVersion "1"]
[SourceVersionDate "2022.08.22"]
[SourceQuality "2"]

1. e4 c5 2. Nf3 Nc6 3. Bb5 g6 4. Bxc6 dxc6 5. O-O Bg7 6. d3 Nf6 7. h3 Nd7 8. a4
e5 9. Na3 Nf8 10. Nc4 Qc7 11. a5 Ne6 12. Be3 O-O 13. Re1 Bd7 14. c3 Rfd8 15.
Qc2 f6 16. Red1 Be8 17. Rab1 Bf7 18. b4 b6 19. bxc5 bxc5 20. a6 Rab8 21. Rxb8
Rxb8 22. Rb1 Rb5 23. Na3 Rb6 24. Rxb6 Qxb6 25. Qa4 Bf8 26. d4 cxd4 27. cxd4
Bxa3 28. d5 Bc5 29. dxe6 Bxe6 30. Bxc5 Qxc5 31. Qd1 Qb6 32. Qd6 Kf7 33. Nd2 Qd4
34. Qc7+ Qd7 35. Qb7 Ke8 36. Qa8+ Ke7 37. Qb7 c5 38. Nb1 Bc4 39. Nc3 Ke6 40.
Kh2 Kd6 41. Nd5 f5 42. f3 fxe4 43. fxe4 Bd3 44. Qb8+ Kc6 45. Qa8+ Kd6 46. Nf6
Qf7 47. Qd8+ Ke6 48. Qxd3 Qxf6 49. Qd5+ Ke7 50. Qxc5+ Ke6 51. Qxa7 Qf4+ 52. Kh1
Qf1+ 53. Kh2 Qf4+ 54. g3 Qd2+ 55. Kh1 Qe1+ 56. Qg1 Qxe4+ 57. Qg2 Qa4 58. Qe2
Kd6 59. Qf2 Kc6 60. a7 Kb7 61. Qf7+ Ka8 62. Qg8+ Kxa7 63. Qxh7+ Kb8 64. Qh8+
Kb7 65. Qxe5 Qc2 66. h4 Kc6 67. Qe6+ Kc7 68. g4 Kd8 69. Kg1 Qc1+ 70. Kg2 Qd2+
71. Kf3 Qh2 72. Qf6+ Kd7 73. Ke4 Qg3 74. Qg7+ Kd8 75. Qd4+ Kc8 76. Qc5+ Kd8 77.
Qg5+ Kd7 78. Qxg6 Qxh4 79. Kf5 Qf2+ 80. Kg5 Qe3+ 81. Kf6 Qe7+ 82. Kf5 Qc5+ 83.
Kf4 Qf2+ 84. Kg5 Qe3+ 85. Kh4 Qf2+ 86. Kh5 Qh2+ 87. Kg5 Qd2+ 88. Kf6 Qd4+ 89.
Kf7 Qd5+ 90. Kf8 Qa8+ 91. Kg7 Qg2 92. g5 Qh3 93. Qf7+ Kd8 94. g6 Qh5 95. Kg8
Qh4 96. Qh7 Qc4+ 97. Qf7 Qh4 98. g7 Qh6 99. Qf8+ Kd7 100. Qf5+ Ke8 101. Qe5+
Kd7 102. Kf7 Qh7 103. Qe6+ Kd8 104. Qg6 1-0

[Event "GBR-ch 108th"]
[Site "Torquay"]
[Date "2022.08.19"]
[Round "7.21"]
[White "Villiers, Thomas"]
[Black "Eames, Robert S"]
[Result "1-0"]
[WhiteElo "2170"]
[BlackElo "2112"]
[PlyCount "77"]
[EventDate "2022.08.13"]
[EventType "swiss"]
[EventRounds "9"]
[EventCountry "GBR"]
[SourceTitle "BritBase"]
[Source "John Saunders"]
[SourceDate "2022.08.22"]
[SourceVersion "1"]
[SourceVersionDate "2022.08.22"]
[SourceQuality "2"]

1. c4 f5 2. d4 e6 3. Nc3 Nf6 4. g3 d5 5. Bg2 c6 6. Nf3 Bd6 7. O-O O-O 8. Bf4
Bxf4 9. gxf4 Ne4 10. e3 Rf6 11. Nxe4 dxe4 12. Ne5 Rh6 13. f3 Qh4 14. h3 exf3
15. Rxf3 Nd7 16. Qe1 Qe7 17. Rg3 Nf6 18. Qa5 Ne8 19. Rc1 a6 20. d5 c5 21. Nd3
exd5 22. Bxd5+ Be6 23. Qxc5 Qh4 24. Kh2 Rd8 25. Rcg1 Bxd5 26. cxd5 g6 27. Qb4
Nd6 28. Nc5 Qe7 29. Ne6 Rc8 30. Qd4 Rc4 31. Qd3 Rb4 32. b3 Ne4 33. Rc1 Qh4 34.
Rf3 Qg4 35. Rc8+ Kf7 36. Qc2 Nc5 37. Rf8+ Ke7 38. Qxc5+ Kd7 39. Rd8# 1-0

[Event "GBR-ch 108th"]
[Site "Torquay"]
[Date "2022.08.19"]
[Round "7.22"]
[White "Donaldson, Thomas"]
[Black "Storey, Charles H"]
[Result "0-1"]
[WhiteElo "1982"]
[BlackElo "2167"]
[PlyCount "56"]
[EventDate "2022.08.13"]
[EventType "swiss"]
[EventRounds "9"]
[EventCountry "GBR"]
[SourceTitle "BritBase"]
[Source "John Saunders"]
[SourceDate "2022.08.22"]
[SourceVersion "1"]
[SourceVersionDate "2022.08.22"]
[SourceQuality "2"]

1. e4 e5 2. Nf3 Nc6 3. Bb5 Nf6 4. O-O Nxe4 5. d4 Nd6 6. Bxc6 dxc6 7. dxe5 Nf5
8. Qxd8+ Kxd8 9. h3 Ne7 10. Rd1+ Ke8 11. Nc3 Bf5 12. Nd4 Bg6 13. g4 h5 14. f4
hxg4 15. hxg4 Rh4 16. Kg2 Rxg4+ 17. Kh3 Bh5 18. Be3 Ng6 19. Rf1 Bc5 20. Rad1
Rh4+ 21. Kg3 Bxd1 22. Rxd1 Bxd4 23. Rxd4 Rh1 24. Re4 Ne7 25. Kg4 f5+ 26. exf6
gxf6 27. f5 Kf7 28. Rd4 Rg8+ 0-1

[Event "GBR-ch 108th"]
[Site "Torquay"]
[Date "2022.08.19"]
[Round "7.23"]
[White "Brewer, Callum D"]
[Black "Lentzos, Ioanis"]
[Result "0-1"]
[WhiteElo "2159"]
[BlackElo "2097"]
[PlyCount "70"]
[EventDate "2022.08.13"]
[EventType "swiss"]
[EventRounds "9"]
[EventCountry "GBR"]
[SourceTitle "BritBase"]
[Source "John Saunders"]
[SourceDate "2022.08.22"]
[SourceVersion "1"]
[SourceVersionDate "2022.08.22"]
[SourceQuality "2"]

1. e4 c5 2. c3 Nf6 3. e5 Nd5 4. d4 cxd4 5. Nf3 e6 6. cxd4 d6 7. Bc4 Be7 8. O-O
O-O 9. Re1 Nc6 10. a3 b6 11. Qd3 Bb7 12. Bxd5 exd5 13. b4 Qd7 14. Nc3 Nd8 15.
exd6 Bxd6 16. Ne5 Bxe5 17. dxe5 d4 18. Ne4 Qd5 19. Qg3 Kh8 20. Bb2 Ne6 21. f4
Rac8 22. f5 Rc2 23. Rab1 d3 24. fxe6 d2 25. Red1 Qxe4 26. exf7 Rxf7 27. e6 Qxe6
28. Qb8+ Rc8 29. Qe5 Qg6 30. Qg3 Qxg3 31. hxg3 Rd7 32. Be5 Be4 33. Ra1 Bc2 34.
Bf4 Bxd1 35. Rxd1 Rc1 0-1

[Event "GBR-ch 108th"]
[Site "Torquay"]
[Date "2022.08.19"]
[Round "7.24"]
[White "Jackson, Sheila"]
[Black "Finn, Peter"]
[Result "1/2-1/2"]
[WhiteElo "2070"]
[BlackElo "2033"]
[PlyCount "120"]
[EventDate "2022.08.13"]
[EventType "swiss"]
[EventRounds "9"]
[EventCountry "GBR"]
[SourceTitle "BritBase"]
[Source "John Saunders"]
[SourceDate "2022.08.22"]
[SourceVersion "1"]
[SourceVersionDate "2022.08.22"]
[SourceQuality "2"]

1. e4 c5 2. Nf3 Nc6 3. Bb5 g6 4. Bxc6 dxc6 5. h3 Bg7 6. d3 Qc7 7. O-O e5 8. Nc3
Nf6 9. Be3 b6 10. Qd2 Nh5 11. Ne2 f5 12. Bh6 f4 13. Bxg7 Qxg7 14. Qc3 O-O 15.
Qxe5 Qf7 16. Qd6 Qe8 17. Qe5 Qf7 18. Qc3 Re8 19. Kh2 h6 20. Nfg1 g5 21. f3 Ng7
22. a4 a5 23. d4 cxd4 24. Nxd4 c5 25. Nb5 Rd8 26. Rfd1 Ba6 27. Ne2 Bxb5 28.
axb5 Ne6 29. Qe5 Re8 30. Qd6 Qb7 31. Nc3 Rad8 32. Qc6 Qxc6 33. bxc6 Kf7 34. Nd5
Rb8 35. c3 Rec8 36. c7 Nxc7 37. Nxc7 Rxc7 38. Rd6 Kg7 39. Rad1 Rbb7 40. h4 gxh4
41. Kh3 Kh7 42. Rf6 Rg7 43. Rxf4 Rg3+ 44. Kh2 Rbg7 45. Rd2 h3 46. gxh3 b5 47.
e5 b4 48. cxb4 cxb4 49. e6 R3g6 50. Re4 Re7 51. Rde2 Kg7 52. f4 Kf6 53. Re5 a4
54. Ra5 a3 55. bxa3 bxa3 56. Rxa3 Kf5 57. Ra5+ Kxf4 58. Rae5 Kf3 59. R2e3+ Kf4
60. R3e4+ Kf3 1/2-1/2